000 03338nas1a22003131 4500
001 RU\NLR\Per\792958
005 20260506142935.0
035 _a(NLR Aleph) 003037773
090 _a2019765
_c2019765
100 _a20260510 rusy50
101 0 _arus
102 _aRU
110 _azu|||||||||
200 1 _aАктуальные вопросы пресноводной аквакультуры
_eсборник научных трудов
_fФедерал. гос. унитар. предприятие Всерос. НИИ пресновод. рыб. хоз-ва (ФГУП ВНИИПРХ)
207 0 _aВып. 80 (2005) -
210 _aМосква
_cВсероссийский НИИ пресноводного рыбного хозяйства (ВНИИПРХ)
_d2005 -
300 _aВ надзаг. также: Федерал. агентство по рыболовству
311 _aРанее выходил как: Сборник научных трудов / Всерос. НИИ пресновод. рыб. хоз-ва
430 0 _12001#$aСборник научных трудов
_171002$3RU\NLR\AUTH\8810028265$aВсероссийский НИИ пресноводного рыбного хозяйства$4070
_tСборник научных трудов
_aВсероссийский НИИ пресноводного рыбного хозяйства
712 0 2 _4570
_aВсероссийский НИИ пресноводного рыбного хозяйства
_9555059
_3RU\NLR\AUTH\8810028265
712 0 2 _4570
_aВсероссийский НИИ рыбного хозяйства и океанографии
_bФилиал по пресноводному рыбному хозяйству
_cпос. Рыбное, Московская обл.
_9750851
_3RU\NLR\AUTH\880543229
852 _aNLR
_jП13/1254
942 _cSE
980 _aNB
980 _aRUSPER